Les compositions de la France lors des finales de CDM - Statistiques

Statistiques générales
  • Ce quiz a été pris 219 fois
    215 depuis la dernière actualisation
  • Le résultat moyen est 36 sur 44
Statistiques - réponses
Années Postes Joueurs % Correct
1998 Milieu Offensif Zinédine Zidane
98%
2006 Milieu Offensif Zinédine Zidane
98%
1998 Gardien Fabien Barthez
97%
2006 Gardien Fabien Barthez
97%
2018 Gardien Hugo Lloris
97%
2022 Gardien Hugo Lloris
97%
2018 Ailier Droit/Milieu Offensif Antoine Griezmann
96%
2022 Milieu de terrain/Offensif Antoine Griezmann
96%
2018 Ailier Gauche Kylian Mbappé
96%
2022 Ailier Gauche Kylian Mbappé
96%
2018 Défenseur Gauche Lucas Hernandez
95%
2018 Buteur Olivier Giroud
95%
2022 Buteur Olivier Giroud
95%
2018 Défenseur Central Samuel Umtiti
95%
2018 Défenseur Droit Benjamin Pavard
94%
2018 Milieu de terrain Paul Pogba
94%
2022 Défenseur Gauche Théo Hernandez
94%
2018 Milieu de terrain N'golo Kanté
93%
2018 Défenseur Central Raphaël Varane
93%
2022 Défenseur Central Raphaël Varane
93%
2006 Buteur Thierry Henry
93%
2018 Milieu de terrain Blaise Matuidi
90%
1998 Défenseur Droit Lilian Thuram
89%
2006 Défenseur Central Lilian Thuram
89%
1998 Défenseur Gauche Bixente Lizarazu
87%
2022 Ailier Droit Ousmane Dembelé
87%
1998 Milieu de terrain Emmanuel Petit
85%
1998 Milieu de terrain Didier Deschamps
84%
2022 Défenseur Droit Jules Koundé
81%
1998 Défenseur Central Marcel Desailly
81%
2022 Milieu de terrain Aurélien Tchouameni
80%
2022 Défenseur Central Dayot Upamecano
77%
2006 Ailier Droit Franck Ribéry
76%
2022 Milieu de terrain Adrien Rabiot
75%
2006 Milieu de terrain Patrick Vieira
74%
1998 Second Attaquant Youri Djorkaeff
70%
2006 Milieu de terrain Claude Makélélé
65%
1998 Défenseur Central Franck Leboeuf
65%
2006 Défenseur Droit Willy Sagnol
53%
1998 Buteur Stéphane Guivarc'h
51%
1998 Milieu de terrain Christian Karembeu
49%
2006 Défenseur Central William Gallas
47%
2006 Défenseur Gauche Eric Abidal
46%
2006 Ailier Gauche Florent Malouda
46%
Aucun quiz correspondant
Distribution des résultats
% des personnes avec chaque résultat
Percentile par nombre de réponses
Votre historique - résultats
Vous n’avez pas pris ce quiz depuis la dernière actualisation